Statistics for 5 Biggest Cities : Lithuania

Click here to take the quiz!

General Stats

  • This quiz has been taken 106 times
  • The average score is 4 of 5

Answer Stats

RankCity% Correct
1.Vilnius
100%
2.Kaunas
94%
3.Klaipéda
85%
4.Šiauliai
68%
5.Panevezys
65%

Score Distribution

Percentile by Number Answered

Percent of People with Each Score

Your Score History

You have not taken this quiz